Estudio de factibilidad para la creación de un almacén fiscal del Banco Nacional de Costa Rica en la provincia de Limón
Kaydedildi:
| Yazar: | |
|---|---|
| Diğer Yazarlar: | , |
| Materyal Türü: | Kitap |
| Baskı/Yayın Bilgisi: |
[San José , Costa Rica]
1999
|
| Konular: | |
| Etiketler: |
Etiketle
Etiket eklenmemiş, İlk siz ekleyin!
|
MARC
| LEADER | 00000nam a2200000Ia 4500 | ||
|---|---|---|---|
| 001 | TFG 4126 | ||
| 003 | 010112 | ||
| 005 | 20221231144210.0 | ||
| 008 | 140114s1999 cr a m 000 ||s d | ||
| 040 | |c cru CEDI | ||
| 100 | |a Herszkopf Oreamuno, Joseph |9 8284 | ||
| 245 | |a Estudio de factibilidad para la creación de un almacén fiscal del Banco Nacional de Costa Rica en la provincia de Limón | ||
| 260 | |c 1999 |a [San José , Costa Rica] | ||
| 300 | |a xii, 215 hojas | ||
| 500 | |a Proyecto de graduación (licenciatura en ingeniería industrial)--Universidad de Costa Rica. Facultad de Ingeniería. Escuela de Ingeniería Industrial | ||
| 650 | |x ALMACENES DE DEPOSITO FISCAL |x ADMINISTRACION |x CONTROL INTERNO |9 8287 | ||
| 700 | |9 8285 |a Murillo Herrera, Rodrigo | ||
| 700 | |9 8286 |a Sáenz Ugalde, Danilo | ||
| 942 | |c TFG | ||
| 999 | |c 18329 |d 18329 | ||
